| 000 | 00649cam a22002291 4500 | ||
|---|---|---|---|
| 001 | 6119476 | ||
| 008 | 721116s1965 xx 000 0 eng | ||
| 010 | _a 65011158 | ||
| 035 | _a(OCoLC)497599 | ||
| 040 |
_aDLC _cODaWU _dDLC |
||
| 050 | 0 | 0 |
_aJF51 _bCHR |
| 100 | 1 |
_aChristoph, James B. _q(James Bernard), _eed. |
|
| 245 | 1 | 0 | _aCases in comparative politics. |
| 264 |
_aBoston : _bLittle, Brown _c1965. |
||
| 300 |
_a301 pages , _c20cm |
||
| 336 |
_atext _btxt |
||
| 337 |
_aunmediated _bn |
||
| 338 | _2rdacarrier | ||
| 650 | 0 | _aComparative government. | |
| 942 | _cOS | ||
| 999 |
_c44758 _d44758 |
||